Stručný přehled obecné neurologie

Bibliographic Details
Main Author: Machula, František, 1922- (Author)
Format: Book
Language:Undetermined
PhysicalDescription:142 s.
Published: Praha Státní pedagogické nakladatelství 1982

MARC

LEADER 00000nam a2200000 a 4500
001 vtls001271027
003 SK-MaSNL
005 20260416165107.0
008 240318s1982 xx 0 und
035 |a SNK000222127 
040 |a SNK  |b slo  |c SNK  |e AACR2 
100 1 |a Machula, František,  |d 1922-  |4 aut  |9 63500 
245 1 0 |a Stručný přehled obecné neurologie 
260 |a Praha  |b Státní pedagogické nakladatelství  |c 1982 
300 |a 142 s. 
958 |a OND 
999 |c 799320  |d 801250 
952 |t P60, <04>, [BOOK], {604}  |a SNK  |b SNK  |y VYP  |7 0  |p 17A0030311  |o snkIB 49602 D1  |0 0  |1 1  |4 0  |d 1997-01-07  |l 0  |r 2005-01-01 00:00:00  |w 2026-02-24